000 00305nam a2200145Ia 4500
100 _aLowe/C.W
650 _aChemistry
942 _cBK
654 _aPath Analysis
245 _aCritical Path Analysis
260 _bTeach yourself Books
_c2001
082 _a658.4
300 _a174
546 _aENGLISH
999 _c25227
_d25227